| 000 | 00460nam a2200193Ia 4500 | ||
|---|---|---|---|
| 999 |
_c5562 _d5562 |
||
| 003 | 0100 | ||
| 008 | 130227s9999 xx 000 0 und d | ||
| 040 | _cARRUPELIB | ||
| 050 | _aDT650.B33J36 | ||
| 100 |
_aJanzen, John M. _939100 |
||
| 245 | 4 | _aThe quest for therapy in lower Zaire / | |
| 260 |
_aBerkeley _bUniversity of California Press _c1978 |
||
| 300 | _axxii | ||
| 300 | _b 266p. 23cm. | ||
| 650 |
_aKongo (African people) _98182 |
||
| 650 |
_aAlternative medicine _zCongo (Democratic republic) _939101 |
||
| 942 |
_2lcc _cMONOGRAPH |
||